[Event "CRO-ch 12th"]
[Site "Opatija"]
[Date "2012.01.27"]
[Round "11"]
[White "Bosiocic, Marin"]
[Black "Kuljasevic, Davorin"]
[Result "1-0"]
[WhiteElo "2580"]
[BlackElo "2569"]
[Annotator "Let's Check"]
[PlyCount "73"]
[EventDate "2012.01.17"]
[EventType "tourn"]
[EventRounds "11"]
[EventCountry "CRO"]
[EventCategory "13"]
[SourceTitle "CBM 147"]
[Source "ChessBase"]
[SourceDate "2012.03.16"]
[SourceVersion "1"]
[SourceVersionDate "2012.03.16"]
[SourceQuality "1"]

1. d4 d5 2. c4 c6 3. Nc3 Nf6 4. e3 g6 5. Nf3 Bg7 6. Be2 O-O 7. O-O dxc4 8. Bxc4
Nbd7 9. e4 Nb6 10. Be2 Bg4 11. a4 a5 12. h3 Bxf3 13. Bxf3 Ne8 14. e5 Nc7 15.
Qb3 Ne6 16. Ne2 Nd5 17. Bd2 Qd7 18. Rad1 Rfb8 19. Bc1 Ra6 20. Be4 Rb6 21. Qg3
Rd8 22. f4 f5 23. exf6 Nxf6 24. Bb1 Rb4 25. f5 Nxd4 26. Nxd4 Rxd4 27. Rde1 Nh5
28. Qb3+ Kh8 29. fxg6 Rb4 30. Qf7 Qd4+ 31. Be3 Qh4 32. Bf2 $2 (32. Rd1 e5 33.
Bh6 $1) 32... Qg5 $2 (32... Qf6 33. Re6 Qxf7) 33. Rxe7 $18 hxg6 34. Be3 Qg3 35.
Bxg6 Rg8 36. Bxh5 Rxb2 37. Bf3 1-0

[Event "CRO-ch 12th"]
[Site "Opatija"]
[Date "2012.01.22"]
[Round "6"]
[White "Jankovic, Alojzije"]
[Black "Kuljasevic, Davorin"]
[Result "0-1"]
[WhiteElo "2568"]
[BlackElo "2569"]
[Annotator "Let's Check"]
[PlyCount "94"]
[EventDate "2012.01.17"]
[EventType "tourn"]
[EventRounds "11"]
[EventCountry "CRO"]
[EventCategory "13"]
[SourceTitle "CBM 147"]
[Source "ChessBase"]
[SourceDate "2012.03.16"]
[SourceVersion "1"]
[SourceVersionDate "2012.03.16"]
[SourceQuality "1"]

1. d4 d5 2. c4 c6 3. Nc3 Nf6 4. e3 g6 5. Nf3 Bg7 6. h3 O-O 7. Bd3 dxc4 8. Bxc4
b5 9. Bd3 Bb7 10. Qe2 Nbd7 11. e4 c5 12. Bxb5 Nxe4 13. O-O Nd6 14. dxc5 Nxb5
15. Qxb5 Qc8 16. Rd1 Bc6 17. Qe2 e6 18. Bf4 Qb7 19. Bd6 Rfc8 20. Ne1 Bf8 21.
Bxf8 Rxf8 22. Rd6 Rac8 23. Qe3 Nf6 24. b3 Rc7 25. f3 Rfc8 26. Nd3 Bb5 27. Qd4
$2 (27. Nxb5 Qxb5 28. b4 $18) 27... Ne8 $14 28. Nxb5 Qxb5 29. Rd8 e5 $6 (29...
Rxd8 30. Qxd8 Kf8 $11) 30. Qd5 $18 Rxd8 31. Qxd8 Kf8 32. Qd5 $2 (32. a4 Qxb3
33. Re1 $16) 32... Rd7 $17 33. Qxe5 Rxd3 34. Re1 Ng7 35. Qe7+ Kg8 36. Qxa7 Ne6
37. c6 Qxc6 38. Qb8+ Rd8 39. Qe5 Qb6+ 40. Kh1 Rd2 41. Re2 Rd3 42. Re1 Qc6 43.
Qb8+ Rd8 44. Qe5 Rd5 45. Qf6 Qc2 46. Qa1 Rg5 47. Rg1 Ra5 0-1

[Event "EU-ch 12th"]
[Site "Aix les Bains"]
[Date "2011.03.26"]
[Round "5"]
[White "Jakovenko, Dmitrij"]
[Black "Rapport, Richard"]
[Result "1-0"]
[WhiteElo "2718"]
[BlackElo "2540"]
[Annotator "Marchand,A/Primel,D"]
[PlyCount "163"]
[EventDate "2011.03.22"]
[EventType "swiss"]
[EventRounds "11"]
[EventCountry "FRA"]
[SourceTitle "CBM 142 Extra"]
[Source "ChessBase"]
[SourceDate "2011.06.27"]
[SourceVersion "1"]
[SourceVersionDate "2011.06.27"]
[SourceQuality "1"]
[TimeControl "40/5400+30:1800+30"]

1. d4 d5 2. c4 c6 3. Nc3 Nf6 4. e3 g6 {La solide variante Schlechter} 5. Nf3
Bg7 6. Be2 (6. Bd3 O-O 7. O-O Bg4 8. h3 Bxf3 9. Qxf3 e6 10. Rd1 Nbd7 11. b3 (
11. e4 e5 12. dxe5 (12. exd5 exd4 {Polugaevsky,L-Smyslov,V Moscow CCCT 1960 (5)
0-1}) 12... Nxe5 13. Qe2 d4 14. Bc2 Nfd7 15. Na4 Qa5 16. Bd2 {Bisguier,
A-Smyslov,V URS-USA Moscow 1955 (2) 0-1} (16. f4 d3 {Smyslov}))) 6... O-O 7.
O-O {01h31} Be6 {01h29 Une ligne secondaire etB g4 ouN bd7 sont les grandes
lignes} (7... Bg4 8. h3 Bxf3) (7... Nbd7) 8. cxd5 {Joué après 20 mns de
réflexion} (8. b3 {L'alternative} h6 {Ivanchuk,V (2768)-Kempinski,R (2600)
GRE-chT 39th 2011 (3.2) 1-0}) 8... cxd5 9. Qb3 {67} Qb6 {87} 10. Qxb6 {65} axb6
{88} 11. b3 Bg4 12. h3 (12. Na4 Nfd7 13. h3 Bxf3 14. Bxf3 e6 {Epishin,V (2675)
-Gulko,B (2615) Dos Hermanas 1994 (6) 1-0} (14... e5 $143 {[%cal Gg7a1]} 15.
Bb2 {[%csl Rd5]})) 12... Bxf3 13. Bxf3 e6 14. Bb2 {65} Rc8 {86} 15. Rfc1 {63}
Nc6 {85} 16. Na4 $146 {[%csl Rb6] 60} (16. Be2 Bf8 17. Na4 {1/2-1/2 Horvath,J 
(2480)-Gulko,B (2560)/Manila 1992/TD}) 16... Nd7 {[%csl Rb6] joué а tempo} 17.
Be2 {[%csl Gb5] 60} Bf8 {78 Probablement le premier coup hors préparation des
Noirs} 18. Kf1 {60} Bd6 {76} 19. Nc3 (19. a3 Na5 20. Bd1) 19... Kf8 20. Nb5 {49
} Be7 {73 Les Noirs continuent de jouer très vite} 21. a3 Nf6 (21... Na5 $5 {
[%cal Ga5b3]}) 22. b4 {34} Ne4 23. Rc2 Ke8 24. Bd3 Nd6 25. Nxd6+ Bxd6 26. e4 {
32} Be7 {46} 27. Re1 $1 $14 {[%cal Ge1e8,Ge4d5] 21} Kd7 {42} 28. g3 {14} (28.
Bb5 {[%cal Gb5d7]}) 28... Bf6 {[%csl Rd4] 31} (28... dxe4 $143 {L'ouverture du
centre permettrait aux Noirs d'affaiblir le P isolé "d4" mais en contrepartie,
la paire de B serait plus active} 29. Bxe4 Bf6 30. Rd2 $16 {[%cal Gd4d5,Gd2d7]}
) 29. e5 Bg7 30. Bb5 $1 $14 {[%csl Gb5]} f5 31. Ke2 Kd8 32. Bd3 Kd7 33. Bb5 Kd8
34. Bd3 Kd7 35. h4 Na7 $6 {[%csl Ra7]} 36. Rxc8 {10} Rxc8 37. h5 $1 {Avec un
Na7 hors-jeu, il est logique d'attaquer sur l'aile opposée} Ke7 38. Rh1 Kf7 39.
f4 Nc6 40. Kd2 Bf8 41. Be2 Kg7 42. Bc3 Ra8 43. Bb2 Re8 44. Bc3 (44. g4 $5 fxg4
45. hxg6 hxg6 46. Bxg4 Kf7 47. Rh7+ Bg7 48. Kd3 {[%cal Gb2c1,Gc1h6,Gf4f5]})
44... Ra8 45. Ra1 Kf7 46. Kc2 Bh6 47. Kb3 g5 48. g4 $1 {Probablement oublié
par les Noirs lorsqu'ils ont joué g5} fxg4 (48... gxf4 49. gxf5 exf5 50. Rg1
Rc8 (50... Rg8 51. Rxg8 Kxg8 52. Bf3 Ne7 53. Ka4 $18 {[%csl Rg8][%cal Ga4b5,
Gb5b6]})) 49. fxg5 Bxg5 50. Bxg4 Be3 51. Rf1+ Ke7 52. Rf6 Nxd4+ 53. Bxd4 Bxd4
54. Rxe6+ Kf8 55. Rf6+ Ke7 56. Rh6 Rh8 57. Bf5 b5 58. Re6+ $1 {répète les
coups pour gagner du temps avec l'incrément} Kf7 59. Rf6+ Ke7 60. Rh6 Rf8 (
60... Kf7 61. Rf6+) 61. Rxh7+ Kd8 (61... Rf7 {[%csl Rb5,Rb7,Gd4,Gf5] Avec des
B de couleurs opposées, Rf7 est un coup candidat mais les P b7 et b5 tombent
ensuite} 62. Rxf7+ Kxf7 63. Bc8 b6 64. e6+ (64. Bd7 Bxe5 65. Bxb5) 64... Kg7
65. Bd7 {[%cal Gd7b5,Ge6e7]} Bf6 66. Bxb5 Bg5 (66... Kh6 67. a4 {[%csl Rh6]
[%cal Ga4a5]}) 67. Bc6 (67. a4) 67... Kf6 68. Bxd5 {Toutes les finales de B de
couleurs opposées ne sont pas forcément nulles}) 62. Rd7+ $1 Ke8 63. Rxd5 Rxf5
64. Rxd4 Rxe5 65. Rh4 $1 $40 {[%csl Rb5,Rb7,Gh4,Gh5]} Kf7 66. h6 Kg8 67. h7+ $1
Kh8 {[%csl Rh8] Il suffit de monter le K blanc pour réaliser le gain technique}
68. Kc3 Rd5 69. Rh6 b6 70. Rh3 Rd7 71. Rh5 $18 Rd6 72. Kc2 Rg6 73. Kd3 Rg3+ 74.
Kd4 Rg4+ 75. Kd5 Rg6 76. Ke5 Rc6 77. Kd4 Rg6 78. Rxb5 Kxh7 79. Rf5 Rg3 80. a4
Rg4+ 81. Kc3 Kg7 82. Kb3 1-0

[Event "EU-chT (Men) 18th"]
[Site "Porto Carras"]
[Date "2011.11.05"]
[Round "3.4"]
[White "Sargissian, Gabriel"]
[Black "Pert, Nicholas"]
[Result "1-0"]
[WhiteElo "2671"]
[BlackElo "2563"]
[Annotator "Marin,M"]
[PlyCount "131"]
[EventDate "2011.11.03"]
[EventType "team-swiss"]
[EventRounds "9"]
[EventCountry "GRE"]
[SourceTitle "CBM 146"]
[Source "ChessBase"]
[SourceDate "2012.01.18"]
[SourceVersion "1"]
[SourceVersionDate "2012.01.18"]
[SourceQuality "1"]
[WhiteTeam "Armenia"]
[BlackTeam "England"]
[WhiteTeamCountry "ARM"]
[BlackTeamCountry "ENG"]

1. d4 d5 2. c4 c6 3. Nc3 Nf6 4. e3 g6 5. Nf3 Bg7 6. Be2 O-O 7. O-O a6 8. a4 a5
9. Qb3 (9. cxd5 cxd5 10. b3 {Di Berardino,D (2480)-Kamsky,G (2741)/
Khanty-Mansiysk 2011/CBM 145/[Marin,M] (0-1, 48)}) 9... e6 10. Bd2 Ne4 11. Be1
Nd6 12. c5 Nf5 13. Rd1 Nd7 14. e4 Ne7 15. Bd2 b6 16. cxb6 Qxb6 17. Qxb6 Nxb6
18. b3 Ba6 19. Bxa6 Rxa6 20. Bf4 Rd8 21. g4 $146 {This novelty does not change
the evaluation of the position as comfortable for Black.} (21. Rc1 {Iturrizaga
Bonelli,E (2611)-Kamsky,G (2730)/Moscow 2011/CBM 141 (0-1, 64)}) 21... Ra7 22.
Rb1 h6 23. Rfc1 g5 24. Be3 f5 25. exf5 exf5 26. h3 f4 27. Bd2 Nd7 28. Ne2 Rb8
29. b4 axb4 30. Rxb4 Rba8 31. Rcb1 c5 32. dxc5 Nc6 33. Rb7 Rxb7 34. Rxb7 Nxc5
35. Rb6 Ra6 36. Rxa6 Nxa6 37. h4 Bf6 38. Nc3 Ne7 39. Nb5 Kf7 40. Nfd4 Ng6 41.
h5 Ne5 42. f3 Nc4 43. Be1 Be7 44. Kf1 Ke8 45. Nf5 Bf8 46. Ke2 Kd7 47. Bc3 Nb6
48. a5 Nc4 49. Nbd4 Nc7 50. Nb3 Nb5 51. Be1 Ncd6 52. Nbd4 Nxf5 53. Nxb5 Ne3 54.
Bf2 Bc5 55. a6 Kc6 56. a7 Kb7 57. Kd3 Bb6 58. Bxe3 fxe3 59. Nd6+ Kxa7 60. Nf5
Kb7 61. Nxh6 Kc6 62. Nf7 Kd7 63. h6 Ke7 64. h7 e2 65. Kxe2 Bd4 66. Kd3 1-0

[Event "EU-chT (Men) 18th"]
[Site "Porto Carras"]
[Date "2011.11.04"]
[Round "2.4"]
[White "Postny, Evgeny"]
[Black "Buhmann, Rainer"]
[Result "1/2-1/2"]
[WhiteElo "2640"]
[BlackElo "2612"]
[Annotator "Marin,M"]
[PlyCount "66"]
[EventDate "2011.11.03"]
[EventType "team-swiss"]
[EventRounds "9"]
[EventCountry "GRE"]
[SourceTitle "CBM 146"]
[Source "ChessBase"]
[SourceDate "2012.01.18"]
[SourceVersion "1"]
[SourceVersionDate "2012.01.18"]
[SourceQuality "1"]
[WhiteTeam "Israel"]
[BlackTeam "Germany"]
[WhiteTeamCountry "ISR"]
[BlackTeamCountry "GER"]

1. d4 d5 2. c4 c6 3. Nf3 Nf6 4. e3 g6 5. Nc3 Bg7 6. Be2 O-O 7. O-O a6 8. b3 {
Since one of the main threats created by Black's last move is ...dxc4 followed
by ...b5 and ...c5, it makes sense to overprotect the c4-pawn. The only
problem is that this move practically invites the subsequent knight move to
the centre.} ({Another important variation is} 8. Bd2 {, as in Jumabayev,R 
(2589)-Fressinet,L (2698)/Khanty-Mansiysk 2011/CBM 145/[Marin,M] (0-1, 67)})
8... Ne4 9. Bb2 ({With the long diagonal and the c3-square weakened, White
does not have the time for either} 9. Nxe4 dxe4 10. Ng5 {because of} c5) ({
or the intermediate} 9. cxd5) 9... Nxc3 10. Bxc3 {Black has solved part of his
space problem, by having exchanged one minor piece, but in the meanwhile he
has helped White to complete his development.} Bg4 {Preparing a second
exchange, after which Black will be ready to set up a hedgehog type fortress.}
(10... Bf5 {looks active, but does not have a strong impact on the fight for
the central squares.} 11. Rc1 (11. b4 {This is the kind of premature activity
that Korchnoi sometimes resorted to before becoming an outstanding expert in
these structures. There is, for instance, the game Kortschnoj,V-Smyslov,V/
Leningrad 1967/EXT 1999 (0-1, 40). Later, he refined his strategy and carried
out the queenside attack only after thorough preparation. Please refer also to
the comments to Efimenko-Pert. The problem with the last move is that it
weakens the c4-square, speeding up Black's development.} dxc4 12. Bxc4 Nd7 13.
Rc1 Nb6 14. Bb3 Nd5 15. Bd2 Qd6 16. a3 {So far, we have followed the game
Dimitrov,A (2275)-Panbukchian,V (2350)/Bankia 1991/EXT 1998 (0-1, 66). Black
has not challenged White's space advantage yet, but has quite comfortable
development. I would suggest now:} Rad8 17. Qe2 {[%cal Ge3e4]} Nc7 {[%csl Gd4]
[%cal Ge3e4,Gf5g4]} 18. h3 Be4 {with good play on the light squares.}) 11...
Nd7 12. cxd5 $5 {An interesting practical decision. Once the tension is
released, the black bishops will be left without scope.} ({Transferring the
queen to b2 without the previous exchange would allow Black to obtain
counterplay:} 12. Qd2 Nf6 13. Qb2 Ne4 14. Bb4 c5 $132) 12... cxd5 13. Qd2 Nf6
14. Qb2 Ne4 15. Bb4 a5 16. Ba3 a4 {1/2 Markowski,T (2553)-Kempinski,R (2590)/
Opole 2007/CBM 117. The draw agreement seems a bit premature. Despite the
symmetrical character of the position, White's pieces are more active.} 17. Bb4
$5 $14 {/\Ne5-d3, /\bxa4, Bb5}) 11. h3 Bxf3 12. Bxf3 e6 {Any player who has
the Schlechter variation in his repertoire should be ready to defend this kind
of position. Black is solid, although somewhat passive. The presence of the
bishop in fianchetto has two consequences. The positive aspect is that the
thematic opening of the centre with e3-e4 is somewhat inhibited. On the other
hand, the queenside dark squares have been left slightly unattended, which may
make itself felt. Black has placed all his pawns on light squares, in order to
restrict the f3-bishop. This will give White a free hand on the dark squares,
allowing him to annoy Black with moves such as Bb4 or Ba5.} 13. Bb4 $146 {
Preparing the bishop's transfer to the h2-b8 diagonal. This will make the
position similar to those from the Bf4, ...c6 Grünfeld. In the Schlechter Slav,
the bishop is developed behind the pawn chain.} (13. Qd2 Re8 14. Ba5 Qe7 15.
Rac1 Nd7 16. Qb4 {offered White some very slight initiative in Carlsen,M (2710)
-Bu Xiangzhi (2685)/Biel 2007/CBM 120/[Krasenkow] (1-0, 84) According to
Krasenkow, Black's position remained entirely playable, though.}) (13. Rc1 Nd7
14. Qc2 Qe7 15. Rfd1 Rfd8 16. g3 Rac8 17. Bg2 {White has regrouped flexibly,
leaving concrete action for later.} h5 18. Ba5 {Finally the typically annoying
bishop move.} b6 ({The more solid alternative was} 18... Re8 {. Black did not
feel like stepping back from the position of maximal activity, and thought
that the weakening of the c6-square would not be too relevant. The way the
game went proved him to be right, but White could have played better at a
certain point.}) 19. Be1 Nf6 20. cxd5 {Black will be absolutely fine after
this exchange.} (20. b4 {, planning a massive attack with a2-a4, would have
been more dangerous:} b5 21. cxb5 axb5 22. a4 bxa4 23. Qxa4 Qb7 24. Rc2 Rc7 25.
Ra1 Rb8 26. Bf1 $14 {Both white bishops are useful, while Black's minor pieces
still need to be activated. The control over the only open file and the
pressure against c6 offer White the better chances.}) 20... exd5 21. Qe2 a5 22.
Rc2 Qb7 23. Rdc1 Bf8 {/\...Ba3} 24. a4 Bd6 $11 {Dao Thien Hai (2524)-Negi,P 
(2620)/Ha Long City 2009/CBM 133 Extra (1/2, 44). There is no minority attack,
and no way of forcing Black to weaken his d5-pawn with ...c5.}) ({So far,
there has only been one game in which White opened the centre at an early
stage:} 13. Qc2 Nd7 14. e4 dxe4 (14... e5 $5 {Marin}) 15. Qxe4 Rc8 16. Rfd1 Nf6
17. Qe3 Re8 18. Rd3 Re7 19. Rad1 Ne8 $2 (19... Rd7 $142 {Krasenkow}) 20. Bb4
Nd6 21. Qf4 Rd7 22. d5 $1 $16 {Riazantsev,A-Sergienko,S/Sochi 2005/CBM 107 
(1-0, 31)}) 13... Re8 14. Rc1 Nd7 15. Bd6 Bf8 16. Bg3 Nf6 17. Qd2 $6 {This
careless move allows Black to exchange the dark-squared bishops, after which
he will not have the slightest problem.} ({With the bishop on f4, the most
consequent continuation would be} 17. c5 $5 {, not only preventing ...Bd6, but
also preparing the standard queenside attack with b4, a4, b5 and so on.}) ({
Or if he wanted to keep the tension at any cost,} 17. Qd3 {deserved
consideration:} Bd6 18. Bh4 h6 19. e4 dxe4 20. Bxe4 g5 21. Bg3 Bxg3 22. fxg3 {
and White has certain play on the f-file.}) 17... Bd6 18. Bxd6 ({He probably
missed the fact that} 18. Bh4 {allows the simple} Ne4 $1 19. Bxe4 Qxh4 $11)
18... Qxd6 19. Rfd1 h5 $11 {Continuing to restrict the only remaining white
bishop, since there are no dangers on dark squares anymore.} 20. b4 b5 {
Same issue.} 21. cxd5 (21. c5 Qc7 {followed by ...e5 would offer Black a clear
plan in the centre and on the kingside. With just one minor piece left, White
cannot organzie a sacrifice on b5 easily.}) 21... cxd5 22. Qc3 (22. Rc5 {
only loses time after} Nd7) 22... Qf8 23. Qc5 Rec8 24. Qxf8+ Kxf8 25. a3 (25.
Rc5 Nd7) 25... Ke7 26. h4 Kd6 27. Kf1 Rc4 28. Be2 Rxc1 29. Rxc1 Nd7 30. Ke1 Nb6
31. Rc5 {White had nothing better than provoking the draw by repetition.} (31.
Bd3 Nc4 32. Ra1 a5 $36) (31. Ra1 Rc8 $36) 31... Na4 32. Rc2 Nb6 33. Rc5 Na4
1/2-1/2